| 000 | 01105nam a2200337Ic 4500 | ||
|---|---|---|---|
| 001 | 59146 | ||
| 003 | CO-BoRNBP | ||
| 005 | 20250912161121.0 | ||
| 007 | ta | ||
| 008 | 141031s9999 ck 000 0 spa d | ||
| 020 | _a9789585710399 | ||
| 040 |
_aCO-BoRNBP _bspa _erda _cCO-BoRNBP |
||
| 041 | _aspa | ||
| 084 | _aCo863 G216 | ||
| 100 |
_aGarcia Márquez, Gabriel _d1927-2014 _eaut _964890 |
||
| 245 | 1 | 3 |
_aLa hojarasca / _cGabriel García Márquez ; edición María del Pilar Londoño Salcedo. |
| 250 | _a20a edición | ||
| 264 | 1 |
_aBogotá, Colombia : _bNorma, _c2012 |
|
| 300 | _a118 páginas | ||
| 336 |
_atexto _btxt _2rdacontent |
||
| 337 |
_asin mediación _bn _2rdamedia |
||
| 338 |
_avolumen _bnc _2rdacarrier |
||
| 586 | _aPremio Nobel de Literatura, 1982 | ||
| 650 | 0 | 7 |
_aGenocidio en la literatura _2lemb _964918 |
| 650 | 0 | 7 |
_aRealismo mágico (literatura) _2lemb _964919 |
| 650 | 0 | 7 |
_aViolencia en la literatura _2lemb _9421 |
| 650 | 0 | 4 |
_aNovela colombiana _2LEMB _91193 |
| 650 | 0 | 4 |
_aLiteratura colombiana _2LEMB _91068 |
| 700 |
_aLondoño Salcedo, María del Pilar _eedt _964920 |
||
| 942 |
_2loc _cBKLIT |
||
| 999 |
_c59146 _d59146 |
||